000 01014nam a2200349 a 4500
001 000000336
003 DO-SdBNP
005 20180130104803.0
007 000000336
008 081127s2004 sp a 000 0 spa d
020 _a8466303901
040 _aBPMSU
_bspa
_cBPMSU
092 _a863.3
_bL431t
100 _4anónimo
245 0 3 _aEl lazarillo de Tormes /
_banónimo; estudio y notas de Eugenio Alonso Martín
250 _a 2a. ed.
260 _aBarcelona :
_bSantillana Ediciones
_c 2004
300 _a169 p.;
_bil.
_c20 cm.
490 1 _aPunto de lectura
_v300/4
500 _a
505 0 _tTratado primero. Cuenta Lázaro su vida, y de cuyo hijo fué --
650 4 _aNOVELA ESPAÑOLA
650 4 _aLITERATURA PICARESCA
650 4 _aLITERATURA ESPAÑOLA
700 _a Martín, Eugenio Alonso
_e ed.
700 _a
_e
830 _l Punto de lectura
_v300/6
910 _a
942 _2ddc
_cBK
945 _aInventariado, 2018/ YL
956 _bVMATEO
_c10
_l20160311
_hBPMSU
999 _c9195
_d9195